แสดงรายละเอียดบรรณานุกรม
  กลับหน้าหลัก

Brief Record : Get Marc (ISO 2709) : E-mail record : QR code ปิดหน้าต่าง
E-books : เกี่ยวกับ Collections
LEADER 00000nam 2200000uu 4500
001    211389
003     ULIBM
008    020711s2016 th a 000 0 tha d
020    9786169227816
041    ^aeng
060  4 W18 E24 2016
245    Education reform of health professionals for the 21st century : a situation analysis in Thailand :^bการปฏิรูปการศึกษาวิชาชีพสุขภาพในศตวรรษที่ 21 : การวิเคราะห์สถานการณ์ในประเทศไทย/^ceditors,Pisake Lumbiganon,Wanicha Chuenkongkaew,Weerasak Putthasri.
246 30 ^aการปฏิรูปการศึกษาวิชาชีพสุขภาพในศตวรรษที่ 21 : การวิเคราะห์สถานการณ์ในประเทศไทย
260    Nonthaburi,Thailand :^bThe Health Professional Education Foundation (NHPE),^c2016
300    99 p. :^bill ;^c29 cm.
650  4 Education,Medical^xstandards^zThailand
650  4 ^a Education, Professional^xstandards^zThailand
700 0  ^aLumbiganon, Pisake,^eed.
700 0  ^aChuenkongkaew, Wanicha,^eed.
700 0  ^aPutthasri, Weerasak,^eed.
999    ^aใช้งานได้ทุกระบบ
รายการนี้ยังไม่มีแท็ก
คุณยังไม่ได้ล็อกอิน คุณสามารถมีกิจกรรมร่วมกับเว็บไซต์ได้ แต่ต้องล็อกอินก่อน ::
  ล็อกอิน
ลำดับที่ ประเภท เลขเรียก สถานที่ สถานะ
1. หนังสือทั่วไป
หนังสือทั่วไป
W18 E24 2016 c.1 
  
หนังสือทั่วไป On Shelf
  ขอยืม
2. หนังสือทั่วไป
หนังสือทั่วไป
W18 E24 2016 c.2 
  
หนังสือทั่วไป On Shelf
  ขอยืม
   [แสดง 2/2 รายการ]

BibComment


ยังไม่เคยถูกคอมเมนท์

คอมเมนท์ทรัพยากรรายการนี้
  คอมเมนท์: Education reform ..
Bib 211389

 
 
 

 Union Library Management : ULibM
Copyright 2026. All Rights Reserved.
скачать бесплатно без регистрации порно красивый секс HD Sex Hindi sex

xxx gou

xxxx

bfxxx

xxxwww

Секса Видео

xxxx

Секса Видео

detube

geilexxx

C99 Shell

worms shell

blod xxx video
Ebony Coed Rihanna Rimes Takes A Dick In Her Young Twat priyaa indian fuck anal and pusssy hardcore indian women xxx desi hardcore fucking part 1 bengalixxxcouple